| 000 | 00713nam a2200265 a 4500 | ||
|---|---|---|---|
| 003 | AR-BaBNM | ||
| 005 | 20251128204557.0 | ||
| 008 | 082120s2002 ||||||||||||||000 | spa|| | ||
| 020 | _a950-034-062 | ||
| 040 | _cAR-BaBNM | ||
| 100 | 1 | _aAranciaga, Héctor Mario | |
| 245 | 0 | 0 | _aAportes para la didáctica de la contabilidad |
| 250 | _a1ª ed. | ||
| 260 |
_aBuenos Aires _bA-Z editora _c1986 |
||
| 300 |
_a85 p. _btablas, diagr. |
||
| 504 | _aContiene bibliografía | ||
| 650 | 4 | _aCONTABILIDAD | |
| 650 | 4 | _aADMINISTRACION FINANCIERA | |
| 650 | 4 | _aESTADOS DE CUENTAS | |
| 650 | 4 | _aPRESUPUESTOS | |
| 650 | 4 | _aCONTABILIDAD DE COSTOS | |
| 653 | _aEDUCACION SECUNDARIA | ||
| 942 | _cBK | ||
| 998 | _cSILVI | ||
| 999 |
_c7993 _d7993 |
||